000
00230nam a2200097Ia 4500
008
230915s9999 xx 000 0 und d
050
_a
QA 76.5 .P37 2012 C.1
100
_a
PARSONS
245
0
_a
COMPUTER CONCEPTS 2012
942
_c
BK
999
_c
183413
_d
183413